Pokémon évoluant aux niveaux 41 à 64 - Statistiques

Statistiques générales
  • Ce quiz a été pris 186 fois
    92 depuis la dernière actualisation
  • Le résultat moyen est 28 sur 41
Statistiques - réponses
Niveaux Méthodes spécifiques Pokémon % Correct
Niveau 64 Trioxhydre
96%
Niveau 48 Carchacrok
93%
Niveau 50 Drattak
93%
Niveau 55 Dracolosse
91%
sous la pluie Muplodocus
91%
Tyranocif
91%
selon la version: L,UL,B,V Lunala
89%
Métalosse
89%
Niveau 53 selon la version: S,US,E,E Solgaleo
89%
Ékaïser
87%
Niveau 60 Lanssorien
87%
Niveau 59 Pyrax
87%
Glaivodo
84%
Niveau 54 Gueriaigle
84%
Tranchodon
84%
Diamat
80%
Niveau 52 Scalproie
78%
Vaututrice
76%
Bruyverne
73%
à Hisui Gueriaigle de Hisui
73%
sous la pluie à Hisui Muplodocus de Hisui
73%
Niveau 45 Libégon
64%
Galeking
62%
Shaofouine
62%
Niveau 43 Golemastoc
58%
Niveau 44 Kaimorse
58%
Niveau 42 Rhinoféros
58%
Niveau 47 Sorbouboul
58%
Dispareptil
53%
Niveau 41 Sidérella
53%
Symbios
53%
Cosmovum
51%
Kravarech
49%
Niveau 49 Cliticlic
47%
Mélancolux
47%
Oniglali
44%
Angoliath
36%
Neitram
36%
Sorcilence
36%
Trépassable
24%
M.Glaquette
16%
Aucun quiz correspondant
Distribution des résultats
% des personnes avec chaque résultat
Percentile par nombre de réponses
Votre historique - résultats
Vous n’avez pas pris ce quiz depuis la dernière actualisation